书目信息 |
| 题名: |
涂装工艺与设备
|
|
| 作者: | 冯立明 , 张殿平 , 王绪建 编著 | |
| 分册: | ||
| 出版信息: | 北京 化学工业出版社 2013.07 |
|
| 页数: | 441页 | |
| 开本: | 27cm | |
| 丛书名: | ||
| 单 册: | ||
| 中图分类: | TQ639 | |
| 科图分类: | ||
| 主题词: | 涂漆--工艺学 , 涂漆--化工设备 , 涂漆 , 化工设备 | |
| 电子资源: | ||
| ISBN: | 978-7-122-16448-3 | |
| 000 | 01224nam0 2200301 450 | |
| 001 | 012013076323 | |
| 005 | 20140610090203.93 | |
| 010 | @a978-7-122-16448-3@b精装@dCNY98.00 | |
| 100 | @a20130625d2013 em y0chiy50 ea | |
| 101 | 0 | @achi |
| 102 | @aCN@b110000 | |
| 105 | @aak z 000yy | |
| 106 | @ar | |
| 200 | 1 | @a涂装工艺与设备@9tu zhuang gong yi yu she bei@f冯立明,张殿平,王绪建等编著 |
| 210 | @a北京@c化学工业出版社@d2013.07 | |
| 215 | @a441页@c图@d27cm | |
| 330 | @a本书主要介绍了溶剂型有机高聚物涂料、水性涂料、粉末涂料的涂料性能、涂装工艺、涂装设备和涂装工艺管理;前处理和涂层固化工艺与设备;达克罗技术与设备、液体浸塑及水披覆转印工艺与设备;涂装车间三废处理及涂装车间设计的基本知识,并结合生产实际介绍了汽车、家用电器、农用车和摩托车涂装的典型工艺。 | |
| 333 | @a本书可作为相关院所、企业工程技术人员、管理人员、工人等指导设计、生产用书,也可以作为大中专院校相关专业师生的参考书 | |
| 606 | 0 | @a涂漆@x工艺学 |
| 606 | 0 | @a涂漆@x化工设备 |
| 606 | 0 | @a涂漆 |
| 606 | 0 | @a化工设备 |
| 690 | @aTQ639@v5 | |
| 701 | 0 | @a冯立明@9feng li ming@4编著 |
| 701 | 0 | @a张殿平@9zhang dian ping@4编著 |
| 701 | 0 | @a王绪建@9wang xu jian@4编著 |
| 801 | 0 | @aCN@b人天书店@c20130625 |
| 905 | @b847174-76@dTQ639@e46@f3 | |
| 涂装工艺与设备/冯立明,张殿平,王绪建等编著.-北京:化学工业出版社,2013.07 |
| 441页:图;27cm |
| 使用对象:本书可作为相关院所、企业工程技术人员、管理人员、工人等指导设计、生产用书,也可以作为大中专院校相关专业师生的参考书 |
| ISBN 978-7-122-16448-3(精装):CNY98.00 |
| 本书主要介绍了溶剂型有机高聚物涂料、水性涂料、粉末涂料的涂料性能、涂装工艺、涂装设备和涂装工艺管理;前处理和涂层固化工艺与设备;达克罗技术与设备、液体浸塑及水披覆转印工艺与设备;涂装车间三废处理及涂装车间设计的基本知识,并结合生产实际介绍了汽车、家用电器、农用车和摩托车涂装的典型工艺。 |
| ● |
| 相关链接 |
|
|
|
|
正题名:涂装工艺与设备
索取号:TQ639/46
 
预约/预借
| 序号 | 登录号 | 条形码 | 馆藏地/架位号 | 状态 | 备注 |
| 1 | 847174 | 208471740 | 第二样本阅览室/ [索取号:TQ639/46] | 在馆 | |
| 2 | 847175 | 208471759 | 密集书库-化学系/ [索取号:TQ639/46] | 在馆 | |
| 3 | 847176 | 208471768 | 第三借阅区/ [索取号:TQ639/46] | 在馆 |